- López González de Orduña, Helena
Entry Nombre Personal
001 - NUMERO DE CONTROL
- campo de control: 47830
003 - IDENTIFICADOR DE NUMERO DE CONTROL
- campo de control: DLC
005 - FECHA Y HORA DE LA ÜLTIMA TRANSACCIÓN
- campo de control: 20230216121723.0
008 - DATOS DE LONGITUD FIJA
- campo de control de longitud fija: 030616n| azannaabn |a aaa c
010 ## - NÚMERO DE CONTROL DE LA BIBLIOTECA DEL CONGRESO
- Número de control LC: nr2003019893
- Número de Control LC Cancelado/inválido: no2003060297
035 ## - NUMERO DE CONTROL
- Número de control: (OCoLC)oca06081916
040 ## - FUENTE DE CATALOGACIÓN
- Agencia original de catalogación: UPB
- Lenguaje de catalogación: spa
- Description conventions: rda
- Agencia de transcripción: UPB
- Agencia que lo modifica: DLC
- Agencia que lo modifica: FMFIU
- Agencia que lo modifica: DLC
- Agencia que lo modifica: MX-MxUPN
046 ## - FECHAS CON CODIFICACIÓN ESPECIAL
- Fecha de nacimiento: 1970
- Fuente del formato de fecha: edtf
100 1# - ENCABEZAMIENTO - NOMBRE PERSONAL
- Nombre personal: López González de Orduña, Helena
370 ## - LUGAR ASOCIADO
- Place of birth: Santiago de Compostela (España)
- Fuente del término: naf
370 ## - LUGAR ASOCIADO
- Other associated place: Ciudad de México
370 ## - LUGAR ASOCIADO
- Other associated place: Inglaterra
372 ## - CAMPO DE ACTIVIDAD
- Field of activity: Filología hispánica
372 ## - CAMPO DE ACTIVIDAD
- Field of activity: Estudios de género
373 ## - GRUPO ASOCIADO
- Associated group: Universidad Nacional Autónoma de México. Programa Universitario de Estudios de Género
- Fuente del término: naf
373 ## - GRUPO ASOCIADO
- Associated group: Universidad Nacional Autónoma de México, Departamento de Literatura, Cine, Afectividad
373 ## - GRUPO ASOCIADO
- Associated group: University of London, School of Advanced Study
- Fuente del término: naf
- Start period: 2002
- End period: 2003
373 ## - GRUPO ASOCIADO
- Associated group: Universidade da Coruña, Departamento de Filoloxía Española e Latina
- Fuente del término: naf
373 ## - GRUPO ASOCIADO
- Associated group: University of Bath, Department of European Studies and Modern Languages
- Fuente del término: naf
374 ## - OCUPACIÓN
- Occupation: Profesora universitaria
377 ## - LENGUA ASOCIADA
- Language code: spa
400 1# - VEÁSE - NOMBRE DE PERSONA
- Personal name: González de Orduña, Helena López
400 1# - VEÁSE - NOMBRE DE PERSONA
- Personal name: De Orduña, Helena López González
400 1# - VEÁSE - NOMBRE DE PERSONA
- Personal name: Orduña, Helena López González de
400 1# - VEÁSE - NOMBRE DE PERSONA
- Personal name: López, Helena
670 ## - FUENTE EN LA QUE SE LOCALIZARON DATOS
- Cita de la fuente: Vanguardia y exilio, 2002:
- Información localizada: portada (Helena López González de Orduña; Universidad de A Coruña, Facultad de Filoloxía, Departamento de Filoloxía Española e Latina) p. 12 (Helena López)
670 ## - FUENTE EN LA QUE SE LOCALIZARON DATOS
- Cita de la fuente: El clamor de las ruinas, 2012:
- Información localizada: portada (Helena López González de Orduña) página 4 de la cubierta (nació en 1970 en Santiago de Compostela, España; doctora en Filología hispánica, Universidad de A Coruña; profesora afiliada al Departamento de Literatura, Cine, Afectividad y al Programa Universitario de Estudios de Género (PUEG), ambos de la Universidad Nacional Autónoma de México)
670 ## - FUENTE EN LA QUE SE LOCALIZARON DATOS
- Cita de la fuente: Condiciones de la globalización, políticas neoliberales y dinámicas de género : aproximaciones desde el Sur, 2017:
- Información localizada: portada (Helena López, coordinadora)
902 ## - CATALOGADOR
- Catalogador: Víctor Ruiz/160223
